Online
Catalog

La cortina de hierro : (Record no. 21156)

MARC details
000 -CABECERA
campo de control de longitud fija 00727nam a2200217 a 4500
001 - NÚMERO DE CONTROL
campo de control 000021657
005 - FECHA Y HORA DE LA ÚLTIMA TRANSACCIÓN
campo de control 20200930011412.0
008 - DATOS DE LONGITUD FIJA--INFORMACIÓN GENERAL
campo de control de longitud fija 100909s1964 sp r 000 | spa d
040 ## - FUENTE DE LA CATALOGACIÓN
Centro catalogador/agencia de origen DO-SdBNP
Lengua de catalogación spa
Centro/agencia transcriptor BNPHU
082 ## - NÚMERO DE LA CLASIFICACIÓN DECIMAL DEWEY
Número de clasificación 320.532
Número de documento/Ítem B699c
049 ## - FONDOS LOCALES (OCLC)
Fondos de biblioteca BNGR
100 1# - ENTRADA PRINCIPAL--NOMBRE DE PERSONA
Nombre de persona Bonaro Overstreet, Harry
9 (RLIN) 45058
240 10 - TÍTULO UNIFORME
Título uniforme The iron curtain
Lenguaje de la obra español
245 13 - MENCIÓN DE TÍTULO
Título La cortina de hierro :
Resto del título donde comienza la ofensiva de la libertad /
Mención de responsabilidad, etc. Harry Bonaro Overstreet; traducción, Taide Palacios.
260 ## - PUBLICACIÓN, DISTRIBUCIÓN, ETC.
Lugar de publicación, distribución, etc. México :
Nombre del editor, distribuidor, etc. Limusa-Wiley,
Fecha de publicación, distribución, etc. 1964.
300 ## - DESCRIPCIÓN FÍSICA
Extensión 196 p. ;
Dimensiones 19 cm.
500 ## - NOTA GENERAL
Nota general Incluye notas al texto
534 ## - NOTA SOBRE LA VERSIÓN ORIGINAL
Encabezamiento principal del original Título original :
Mención de título del original The iron curtain
650 #4 - PUNTO DE ACCESO ADICIONAL DE MATERIA--TÉRMINO DE MATERIA
Término de materia o nombre geográfico como elemento de entrada Comunismo
9 (RLIN) 2880
700 1# - PUNTO DE ACCESO ADICIONAL--NOMBRE DE PERSONA
Nombre de persona Palacios, Taide
Término indicativo de función/relación tr.
9 (RLIN) 45059
Holdings
Estado de retiro Estado de pérdida Restricciones de uso No para préstamo Código de colección Localización permanente Ubicación/localización actual Ubicación en estantería Fecha de adquisición Número de inventario Total de préstamos Signatura topográfica completa Código de barras Fecha visto por última vez Precio válido a partir de Tipo de ítem Koha
      Excluido de préstamo Monografías: Libros y Folletos General General En catalogación 09.09.2010 LF1   320.532 B699c 21657-10 25.06.2020 25.06.2020 No se presta

Powered by Koha